Sonido y audición /

Guardado en:
Bibliografiske detaljer
Hovedforfatter: Stevens, S.S (autor)
Andre forfattere: Warshofsky Fred (autor) (autor), Bárcena, Agustín (traducción) (traducción)
Format: Bog
Sprog:spansk
Udgivet: México : Ediciones Culturales Internacionales, 1988, c1988
Udgivelse:2a edición
Serier:(Colección Científica de Time-Life)
Fag:
Tags: Tilføj Tag
Ingen Tags, Vær først til at tagge denne postø!

MARC

LEADER 00000nam^a2200000^a^4500
001 000274617
005 20250521000000.0
009 20260310111206.12
020 |a 968-418-035-7 
037 |a Acervo ITESO - Biblioteca 
041 |a ESP 
082 |a 500.  |b TIM V. 4 
100 |a Stevens, S.S.  |e (autor) 
245 1 0 |a Sonido y audición /  |c S.S. Stevens, F. Warshofsky ; tr. por A. Bárcena. 
250 |a 2a edición 
264 4 |a México :  |b Ediciones Culturales Internacionales,  |c 1988, c1988 
300 |a 200 p. 
336 |a texto  |b txt  |2 rdacontenido 
337 |a sin mediación  |b n  |2 rdamedio 
338 |a volumen  |b nc  |2 rdasoporte 
440 1 |a (Colección Científica de Time-Life) 
500 |a Traducción de: Sound and Hearing 
649 |a XX 
650 |a Percepción Auditiva -  |x Tema Principal 
650 |a Sonido -  |x Tema Principal 
650 |a Física -  |x Generalidades 
700 |a Warshofsky Fred  |e (autor) 
700 |a Bárcena, Agustín  |e (traducción) 
910 |a Fondo General 
920 |a Impresos - Libros 
930 |a Obras de Referencia 
905 |a 102 
901 |a 0500160478  |b IT2  |c REF  |u 20250521 
902 |a https://opac.biblio.iteso.mx/vufind/Record/000274617